Multiple criteria decision making and its application to economic problems

Saved in:
Bibliographic Details
Main Author: Ballestero, Enrique
Other Authors: Romero, Carlos 1946-
Format: Book
Language:English
Published: Boston : Kluwer Academic Publishers, c1998
Subjects:
Tags: Add Tag
No Tags, Be the first to tag this record!

MARC

LEADER 00000nam a2200000 i 4500
001 1/71530
008 050214s1998 eng d
020 |a 0-7923-8238-2 
035 |l 10076556 
040 |a GR-MY-UA  |b gre  |e aacr 
041 0 |a eng 
082 0 |a 658.403  |2 (21) 
100 1 |a Ballestero, Enrique. 
245 1 0 |a Multiple criteria decision making and its application to economic problems /  |c by Enrique Ballestero and Carlos Romero 
260 |a Boston :   |b Kluwer Academic Publishers,   |c c1998 
300 |a 160 σ.;  |b πιν.;  |c 25 εκ. 
504 |a Περιέχει βιβλιογραφία και ευρετήριο 
650 0 0 |a Multiple criteria decision making. 
700 1 |a Romero, Carlos  |d 1946- 
852 |a INST  |b LESVOS  |e 20050214  |h 658.403 BAL  |p 005100028007  |q 005100028007  |t BK  |y 0 
901 |a BIBL1-2005-1 
909 |a Λ  |b 113104 
922 |a 1ΕΛΗ  |b 200406  |c ΤΑΚ/ΤΠ  |d LEADER 
950 |a 107-2004-03-16 
970 |a ΜΑΡΙΝΑΤΟΥ  |b ΜΥΡΣΙΝΗ  |z 2005/02/23